| 000 | 01118nam a22003857a 4500 | ||
|---|---|---|---|
| 001 | BR7806884 | ||
| 003 | BR-BrBNA | ||
| 005 | 20230928085759.0 | ||
| 007 | ta | ||
| 008 | 230509b bl.||||| |||| 00| 0 por d | ||
| 040 |
_aBR-BrBNA _bpor _cBiblioteca Nacional de Agricultura |
||
| 041 | _a(Por) | ||
| 072 |
_aE70; E50 _b9000 _b/G514 |
||
| 090 | _ 9000 BR7806884 | ||
| 100 | 1 | _aMittendorf, H.J. | |
| 110 | 1 | _aCompanhia Brasileira de Alimentos, Brasilia, DF | |
| 245 | 1 | _aA organizacao de sistemas urbanos de comercializacao de alimentos para o desenvolvimento rural [Brasil] | |
| 260 | 3 |
_aBrasilia, DF (Brasil): _c1978. |
|
| 300 | _a52 p. | ||
| 650 | _aALIMENTO | ||
| 650 | _aCOMERCIALIZACAO | ||
| 650 | _aCOMUNIDADE RURAL | ||
| 650 | _aBAIXA RENDA | ||
| 650 | _aDEMOGRAFIA | ||
| 650 | _aRENDA FAMILIAR | ||
| 650 | _aURBANIZACAO | ||
| 650 | _aPOLITICA COMERCIAL | ||
| 650 | _aMERCADO VAREJISTA | ||
| 650 | _aMERCADO ATACADISTA | ||
| 650 | _aCUSTO OPERACIONAL | ||
| 650 | _aDESENVOLVIMENTO RURAL | ||
| 650 | _aPOLITICA GOVERNAMENTAL | ||
| 909 |
_a202309 _bLucia _c55 _dLucia Elande |
||
| 942 | _cBK | ||
| 999 |
_c26302 _d26302 |
||